000 005230000a22001930004500
001 003725
003 MACL
005 20150909125856.0
008 150909b xxu||||| |||| 00| 0 eng d
040 _aMACL
_cMACL
041 _aEnglish
082 _a820/FIS
100 _aFisher, Michael H.
_99504
245 _aThe First Indian Author In English
_bDean Mahomed 1759-1851
_cMichael H. Fisher
260 _aNew Delhi
_c1996
_bOxford University Press,
350 _a425
650 _aLiterature
_99505
942 _k820
_cBK
_2ddc
999 _c15619
_d15619